C lculo Diferencial / Samuel Fuenlabrada de la Vega Trucíos (Registro nro. 13143)
[ vista simple ]
| 000 -LÍDER | |
|---|---|
| fixed length control field | 00506nam a2200169 4500 |
| 008 - ELEMENTOS DE LONGITUD FIJA -- INFORMACIÓN GENERAL | |
| fixed length control field | 0 2001 0a 000 0MEX |
| 020 ## - NÚMERO INTERNACIONAL NORMALIZADO PARA LIBROS | |
| ISBN | 970-10-3513-5 |
| 050 ## - SIGNATURA TOPOGRAFICA DE LA BIBLIOTECA DEL CONGRESO (LC) | |
| Número de Clasificación | QA305 F84 2001 |
| 082 ## - NUMERO DE CLASIFICACION DECIMAL DEWEY | |
| Número de Clasificación | 515.33 F954cd |
| 100 ## - ASIENTO PRINCIPAL--NOMBRE PERSONAL | |
| Nombre personal | Fuenlabrada de la Vega Trucíos, Samuel |
| 245 ## - TÍTULO | |
| Título | C lculo Diferencial / Samuel Fuenlabrada de la Vega Trucíos |
| 250 ## - MENCIÓN DE EDICIÓN | |
| Mención de edición | 2 / |
| 260 ## - PUBLICACIÓN, DISTRIBUCIÓN, ETC. (PIE DE IMPRENTA) | |
| Lugar de publicación, distribución, etc. | México : McGraw-Hill |
| 300 ## - DESCRIPCIÓN FÍSICA | |
| Extensión | iv, 240 p. / 27 cm. |
| 500 ## - NOTA GENERAL | |
| Nota general | Incluye Diskette |
| 650 ## - ASIENTO SECUNDARIO DE MATERIA - TERMINO TEMÁTICO | |
| Término temático o nombre geográfico como elemento de entrada | 1. CÁLCULO DIFERENCIAL |
| No. biblioteca | No. biblioteca | Número de clasificación | Código de barras/Número de adquisición | Número de copia | Tipo de material |
|---|---|---|---|---|---|
| LUIS G. INCLAN | LUIS G. INCLAN | 515.33 F954cd | 38105 | 1 | Libros |
| LUIS G. INCLAN | LUIS G. INCLAN | 515.33 F954cd | 38106 | 2 | Libros |
| LUIS G. INCLAN | LUIS G. INCLAN | 515.33 F954cd | 38107 | 3 | Libros |
| LUIS G. INCLAN | LUIS G. INCLAN | 515.33 F954cd | 40591 | 4 | Libros |
| LUIS G. INCLAN | LUIS G. INCLAN | 515.33 F954cd | 40592 | 5 | Libros |
| LUIS G. INCLAN | LUIS G. INCLAN | 515.33 F954cd | 40593 | 6 | Libros |
| LUIS G. INCLAN | LUIS G. INCLAN | 515.33 F954cd | 40594 | 7 | Libros |
| LUIS G. INCLAN | LUIS G. INCLAN | 515.33 F954cd | 40595 | 8 | Libros |
| LUIS G. INCLAN | LUIS G. INCLAN | 515.33 F954cd | 42940 | 9 | Libros |
| LUIS G. INCLAN | LUIS G. INCLAN | 515.33 F954cd | 42941 | 10 | Libros |
| LUIS G. INCLAN | LUIS G. INCLAN | 515.33 F954cd | 42942 | 11 | Libros |
| LUIS G. INCLAN | LUIS G. INCLAN | 515.33 F954cd | 42943 | 12 | Libros |
| LUIS G. INCLAN | LUIS G. INCLAN | 515.33 F954cd | 42944 | 13 | Libros |
